000
00335 a2200109 4500
001
ART_2739
005
20260410161710.0
008
260409a
245
1
0
_a
Equilibrio monetario y ajuste internacional
100
1
_a
Olivera, Julio H.G.
773
0
_t
Desarrollo económico
_g
- Vol. 2, Nº 2 (jul./sep. 1962)
_w
REV1174
999
_c
15955
_d
15955